Na Rysy vyšiel sedemročný, sám, bez potravín a pomoci šéf dobrovoľných horských záchranárov Jaroslav Švorc

Bibliographic Details
Main Author: Hudák, Pavol, 1959-2011 (Author)
Format: Article
Language:Slovak
PhysicalDescription:Fotogr.
ISSN:1335-7573
Subjects:

MARC

LEADER 00000nab a2200000 a 4500
001 vtls009512652
003 SK-MaSNL
005 20260304015555.0
008 180907c20090123xo dr ner 000 0 slo
038 |a PPPK 
040 |a PPPKCL  |b slo  |c PPPK  |e AACR2 
041 |a slo 
044 |a xo  |c SK 
072 7 |a 614.8  |x Úrazy a ich prevencia  |2 konspekt 
080 |a 796.52.071.2  |2 2001 
080 |a 614.88-051(23.0)  |x (234.372.4)  |2 2001 
100 1 |a Hudák, Pavol,  |d 1959-2011  |4 aut  |9 237890 
245 1 0 |a Na Rysy vyšiel sedemročný, sám, bez potravín a pomoci  |b šéf dobrovoľných horských záchranárov Jaroslav Švorc  |c Pavol Hudák ; foto archív 
300 |b Fotogr. 
600 1 7 |a Švorc, Jaroslav,  |d 1953-  |2 pppkcl  |9 98866 
610 1 7 |a Horská záchranná služba (Vysoké Tatry, Slovensko)  |2 pppkcl  |9 55573 
650 0 7 |a záchranárstvo  |2 pppkcl  |9 58832 
650 0 7 |a horskí záchranári  |2 pppkcl  |9 81479 
651 7 |a Vysoké Tatry (Poľsko a Slovensko : pohorie)  |2 SNKPHgeo  |9 67729 
651 7 |a Štrba (Slovensko)  |x rodáci  |2 pppkcl  |9 1084407 
651 7 |a Poprad (Slovensko : okres)  |2 pppkcl  |9 28675 
773 0 |t Tatranský denník Korzár  |g Roč. XI, č. 18 (23.1.2009)  |x 1335-7573 
773 0 8 |t Pohoda : čítanie pre celú rodinu  |g S. 6 
852 |a PPPK  |b KIS3GCP 
999 |c 2592349  |d 2594279